000 00664nam a22002057a 4500
003 NUST - PNEC
005 20170116180808.0
008 150312b xxu||||| |||| 00| 0 eng d
020 _a-
040 _cLIBRARY
082 _a330 AKH
100 _91784
_aAkhtar S.M.
245 _aEssentials of economics (Vol-II)
_cS.M. Akhtar
250 _a-
260 _aLahore :
_bPublishers United Ltd
_c-
300 _a268 p. :
650 _91787
_aEconomics
_xMIS
856 _uhttp://www.amazon.com/Essentials-economics-According-new-syllabus/dp/B0007K7CKE/ref=sr_1_1?s=books&ie=UTF8&qid=1429679952&sr=1-1&keywords=Essentials+of+economics+by+akhtar
942 _2ddc
_cBK
999 _c63277
_d63277